Retrouvez la chanson par ses paroles - Nirvana - Statistiques

Statistiques générales
  • Ce quiz a été pris 306 fois
  • Le résultat moyen est 5 sur 20
Statistiques - réponses
Paroles Chanson % Correct
A mulatto, an albino Smells Like Teen Spirit
86%
'Cause today I found my friend Lithium
85%
___ wants a cracker Polly
78%
Think I'm just happy Dumb
75%
Animals I've trapped, all become my pets Something In The Way
70%
I don't care, I don't care, care care Breed
67%
I need an easy friend, I do About A Girl
65%
Memoria Come As You Are
59%
What else should I be, A__ ________ All Apologies
57%
Grandma take me home Sliver
57%
I'm O_ _ ____, I can't complain On A Plain
56%
Forever in debt to your priceless advice Heart-Shaped Box
53%
Chew your meat for you, pass it back and forth Drain You
50%
He's the one who like all our pretty songs In Bloom
50%
Can you feel my L__ ___ Love Buzz
45%
Jesus ______ ____ __ ___ _ S_____ Jesus doesn't want me for a sunbeam
41%
Gotta find a way, a better way, you're better away Territorial Pissings
41%
You're in highschool again School
40%
Beat me out of me, beat it, beat it Aneurysm
37%
Kiss kiss M___'s L___ Molly's Lips
36%
Daddy's little girl ain't girl no more Negative Creep
34%
B__ _ S__, she should have Been A Son
28%
Where do bad folks go when they die ? Lake Of Fire
25%
I miss the comfort in being sad Frances Farmer Will Have Her Revenge On Seattle
24%
And I've got this friend, you see Lounge Act
24%
I will move away from here You Know You're Right
24%
Many a hand has scaled the grand old face of the p_____ Plateau
22%
Pick me, pick me, yeah, let a low long signal Dive
21%
I was shaved Floyd the barber
20%
Mother, mother, DEATH Endless, Nameless
19%
What is wrong with me Radio Friendly Unit Shifter
19%
Portray sincerity, act out of loyalty Downer
18%
Appreciate your concern, you'll always stink and burn Rape Me
18%
Out of the ground, into the sky Very Ape
17%
If I had to lose a mile Oh Me
16%
You're in a laundry room Sappy
15%
Could've have a heart attack, my heart Tourette's
15%
T__ ___ ___ ___ ___ W___ The Man Who Sold The World
13%
B__ C____, make me, mine says, 'what'd I say?' Big Cheese
12%
He's scared in case I want it all Marigold
12%
If you wouldn't mind I would like to breathe Blew
11%
Gimme back my alcohol, heal a million, kill a million Scoff
11%
My Op____ mmmm mmm Opinion
10%
I was your mine, you were mine, my enemy Hairspray Queen
9%
In a someday, what that sound? I Hate Myself And Want To Die
9%
Doll steak Milk it
9%
Marijuana Moist Vagina
9%
One more day to complete my service Old Age
9%
I'm a s__n Stain
9%
I said so, Nirvana Paper Cuts
8%
Can we show our faces now ? Big Long Now
7%
Cheat on me, cheat on me Curmudgeon
7%
Don't have nothing for you? Sifting
7%
Keeps his cigarettes close to his heart Swap Meet
7%
I got my diddly spayed Beeswax
6%
Easy in an easy chair, poop as hard as rock, Mr. Moustache
6%
E___ i_ h__ y___ Even In His Youth
5%
So silly, it's revolting Turnaround
5%
Only hurts a night, until I pee Mexican Seafood
4%
The sun shines in the bedroom, when we play Son Of A Gun
4%
What's the season of love if you can't have anything Aero Zeppelin
3%
She's only been five months late, even though we haven't had sex for a week. Gallons Of Rubbing Alcohol Flow Through The Strip
2%
She seems to think, she seems too weak Oh, The Guilt
0%
Aucun quiz correspondant
Distribution des résultats
% des personnes avec chaque résultat
Percentile par nombre de réponses
Votre historique - résultats
Vous n’avez pas pris ce quiz